Statistics of prices, wages, labour.

Đã lưu trong:
Chi tiết về thư mục
Tiêu đề mới:Prices, wages, labour
Tiêu đề trước:Report on prices, wages and labour statistics of New Zealand for the year ...
Tác giả của công ty: New Zealand. Dept. of Statistics
Định dạng: Tạp chí
Ngôn ngữ:English
Được phát hành: Wellington, N.Z. : Dept. of Statistics, 1964-1967.
Loạt:Department of Statistics publication
Những chủ đề:
LEADER 01777cas a2200445 a 4500
001 c000212954
003 CARM
005 20060127150101.0
008 850626d19631966nz ar p s f0 a0eng d
010 |a 99111967  |z sc 83001212 
019 1 |a 20110878  |z 3737465  |z 47977230  |5 LACONCORD2021 
035 |a (OCoLC)2265054  |5 LACONCORD2021 
040 |a ABS  |b eng  |c ABS  |d ANL-S 
043 |a u-nz--- 
050 0 0 |a HD8861  |b A65 
082 0 0 |a 331.1/09931 
082 1 4 |a 331/.09931  |2 19 
245 0 0 |a Statistics of prices, wages, labour. 
246 3 6 |a Report on statistics of prices, wages, labour 
246 3 |a New Zealand statistics of prices, wages, labour 
260 |a Wellington, N.Z. :  |b Dept. of Statistics,  |c 1964-1967. 
300 |a 4 v. ;  |c 30 cm. 
362 0 |a 1963-1966. 
440 0 |a Department of Statistics publication 
500 |a At head of title: New Zealand. 
500 |a Chiefly tables. 
550 |a Issued by: Dept. of Statistics, 1963-1966. 
650 0 |a Wages  |z New Zealand  |v Statistics  |v Periodicals. 
650 0 |a Prices  |z New Zealand  |v Statistics  |v Periodicals. 
650 0 |a Labor disputes  |z New Zealand  |v Statistics  |v Periodicals. 
650 0 |a Labor supply  |z New Zealand  |v Statistics  |v Periodicals. 
710 1 |a New Zealand.  |b Dept. of Statistics. 
760 0 |t Department of Statistics publication 
780 0 0 |t Report on prices, wages and labour statistics of New Zealand for the year ... 
785 0 0 |t Prices, wages, labour 
852 8 |b CARM  |h A2:AR02F0  |i E01756  |p 0267759  |f SE 
866 0 |a 18(1965)-22(1969) 
866 0 |a 18(1965)-22(1969) 
999 f f |i 0e3b8042-a6e2-5184-9d7b-dcd2e4349b8f  |s b93bff41-5bb1-5d41-b582-70ee8270fc5a 
952 f f |p Can circulate  |a CAVAL  |b CAVAL  |c CAVAL  |d CARM 1 Store  |e E01756  |f A2:AR02F0  |h Other scheme  |i book  |k 18(1965)-22(1969)  |m 0267759